Centrifugal pumps / (Record no. 598671)
[ view plain ]
| 000 -LEADER | |
|---|---|
| fixed length control field | 00313nam a2200121Ia 4500 |
| 008 - FIXED-LENGTH DATA ELEMENTS--GENERAL INFORMATION | |
| fixed length control field | 230907s9999||||xx |||||||||||||| ||und|| |
| 082 ## - DEWEY DECIMAL CLASSIFICATION NUMBER | |
| Classification number | 621.67 |
| Author Mark | GUL |
| 100 ## - MAIN ENTRY--PERSONAL NAME | |
| Personal name | Gülich, Johann F. |
| 9 (RLIN) | 115522 |
| 245 #0 - TITLE STATEMENT | |
| Title | Centrifugal pumps / |
| 300 ## - PHYSICAL DESCRIPTION | |
| Extent | 1116 pages : |
| 650 ## - SUBJECT ADDED ENTRY--TOPICAL TERM | |
| Topical term or geographic name entry element | Handbooks, manuals, etc. |
| 9 (RLIN) | 11475 |
| 942 ## - ADDED ENTRY ELEMENTS (KOHA) | |
| Koha item type | Book |
| Withdrawn status | Lost status | Damaged status | Not for loan | Permanent Location | Current Location | Date acquired | Total Checkouts | Full call number | Barcode | Date last seen | Price effective from | Koha item type |
|---|---|---|---|---|---|---|---|---|---|---|---|---|
| US-Pakistan Center for Advanced Studies in Energy (USPCAS-E) | US-Pakistan Center for Advanced Studies in Energy (USPCAS-E) | 07/23/2019 | 621.67 GUL | CAS-E0002770 | 09/12/2023 | 09/12/2023 | Book |
